00645nam a22002057a 450000500170000001000150001702000270003203500140005903700130007308200140008624500970010025000120019726000310020927000830024030000270032350000190035070000250036970000280039470000170042220170529102750.0 aENG-118425 c1195.00a9788131250921 aEN-101957 bDBAD/PUB a346.54072 aPollock and Mulla the Sale of Goods Act :cby Frederick Pollock [and] Dinshaw Fardunji Mulla a10th ed aGurgaonbLexisNexis c2017 a14th Floor, Building No.10, Tower-B, DLF Cyber City, Phase IIbGurgaone122002 acxxii, 515p.c25cm(Hb) aIncludes index aPollock, Frederick  a Mulla,Dinshaw Fardunji aSapre Akshay